Business Analysis : The question and answer book / (Record no. 26551)

000 -LEADER
fixed length control field 00452 a2200157 4500
008 - FIXED-LENGTH DATA ELEMENTS--GENERAL INFORMATION
fixed length control field 230630b ||||| |||| 00| 0 eng d
020 ## - INTERNATIONAL STANDARD BOOK NUMBER
International Standard Book Number 9780990637455
Terms of availability Rs1600.00
041 0# - LANGUAGE CODE
Language code of text/sound track or separate title eng
082 00 - DEWEY DECIMAL CLASSIFICATION NUMBER
Classification number 658.4038
Item number J333
100 ## - MAIN ENTRY--PERSONAL NAME
Personal name Jane, Sandhya
245 ## - TITLE STATEMENT
Title Business Analysis : The question and answer book /
260 ## - PUBLICATION, DISTRIBUTION, ETC. (IMPRINT)
Place of publication, distribution, etc [S.l.] :
Name of publisher, distributor, etc Anisan
Date of publication, distribution, etc c2018.
300 ## - PHYSICAL DESCRIPTION
Extent 311 p. :
Other physical details ill. ;
Dimensions 23 cm.
650 #0 - SUBJECT ADDED ENTRY--TOPICAL TERM
Topical term or geographic name as entry element Business analysis
942 ## - ADDED ENTRY ELEMENTS (KOHA)
Source of classification or shelving scheme
Item type Books
Holdings
Withdrawn status Lost status Source of classification or shelving scheme Damaged status Not for loan Permanent location Current location Shelving location Date acquired Source of acquisition Cost, normal purchase price Full call number Barcode Date last seen Cost, replacement price Koha item type
          IMU Kolkata IMU Kolkata Reference 2023-06-30 5 1600.00 658.4038 J333 14226 2023-06-30 1600.00 Books
          IMU Kolkata IMU Kolkata   2023-06-30 5 1600.00 658.4038 J333 14227 2023-06-30 1600.00 Books
          IMU Kolkata IMU Kolkata   2023-06-30 5 1600.00 658.4038 J333 14228 2023-06-30 1600.00 Books
Designed and Maintained by IMU-KC Library, Kolkata Campus © Copyright All Rights Reserved

webs counters

Powered by Koha